Substantial questions on enforcement (Record no. 78465)
[ view plain ]
| 000 -LEADER | |
|---|---|
| fixed length control field | 00773cab a2200217 4500 |
| 001 - CONTROL NUMBER | |
| control field | l136840 |
| 008 - FIXED-LENGTH DATA ELEMENTS--GENERAL INFORMATION | |
| fixed length control field | 070227n2007 000 0 eng u |
| 035 ## - SYSTEM CONTROL NUMBER | |
| System control number | (Sirsi) u136840 |
| 041 0# - LANGUAGE CODE | |
| Language code of text/sound track or separate title | eng |
| 100 1# - MAIN ENTRY--PERSONAL NAME | |
| Personal name | White, Emma |
| 245 00 - TITLE STATEMENT | |
| Title | Substantial questions on enforcement |
| 260 ## - PUBLICATION, DISTRIBUTION, ETC. | |
| Date of publication, distribution, etc. | 2007 |
| 490 00 - SERIES STATEMENT | |
| Series statement | Estates Gazette |
| Volume/sequential designation | (0708) 24 February 2007, 132-133(2) |
| 520 ## - SUMMARY, ETC. | |
| Summary, etc. | Examines the situation whereby an obiter comment in a Lords case has led some planning authorities to take an approach to planning permissions that is flawed in law. Provides details of the correct approach. |
| 590 ## - LOCAL NOTE (RLIN) | |
| Local note | KA |
| 650 24 - SUBJECT ADDED ENTRY--TOPICAL TERM | |
| Topical term or geographic name entry element | SAGE V SOS ENVIRONMENT AND OTHERS |
| 651 #4 - SUBJECT ADDED ENTRY--GEOGRAPHIC NAME | |
| Geographic name | England |
| Chronological subdivision | 886- |
| 690 ## - LOCAL SUBJECT ADDED ENTRY--TOPICAL TERM (OCLC, RLIN) | |
| Topical term or geographic name as entry element | Planning and development |
| 9 (RLIN) | 6259 |
| 700 1# - ADDED ENTRY--PERSONAL NAME | |
| Personal name | Richardson, David |
| 942 ## - ADDED ENTRY ELEMENTS (KOHA) | |
| Suppress in OPAC | 0 |
| Withdrawn status | Lost status | Source of classification or shelving scheme | Damaged status | Not for loan | Home library | Current library | Shelving location | Date acquired | Total Checkouts | Full call number | Barcode | Date last seen | Copy number | Price effective from | Koha item type |
|---|---|---|---|---|---|---|---|---|---|---|---|---|---|---|---|
| Dewey Decimal Classification | London | London | Journal article | 27/02/2007 | L136840 | 136840-1001 | 06/08/2019 | 1 | 06/08/2019 | Journal article |